General Knowledge Extremely Hard - Statistics

General Stats
  • This quiz has been taken 59 times
  • The average score is 5 of 20
Answer Stats
Hint Answer % Correct
What fictional bird exists in the Hunger Games? Mockingjay
60%
Which video game introduced Mario as a character? Donkey Kong
58%
Who sings ‘Sing us a song you are the piano man’? Billy Joel
56%
What is the main thing that makes Wimbledon different than other tennis tournaments? Grass
50%
What is three consecutive strikes in bowling called? Turkey
46%
Who originally sang ‘Knocking on heavens door’? Bob Dylan
34%
What Italian deep fried appetiser is made from rice? Arancini
30%
What is the first pokemon in the national pokedex? Bulbasaur
28%
Which celebrity owns the beauty brand ‘Florence by mills’? Millie Bobby Brown
22%
Who was the first woman created by the Greek gods? Pandora
22%
What did the apples of the Hesperides grant? Immortality
18%
Which malware disguises itself as normal software? Trojan horse
18%
What is the Italian phrase for ‘Whatever will be, will be’ Che sara sara
10%
In latin what does ‘Mens sana in corpore sano’ mean? Healthy mind in a healthy body
10%
How is the tree that is considered the world’s oldest tree known as? Methuselah
10%
Which internet personality was dropped by disney due to offensive content in their videos? PewDiePie
10%
What is the third most expensive spice in the world? Green cardamon
2%
Which country changed its flag in 2023 because it included an object that was believed to ‘represent a person willing to switch faith in the country for personal benefit’? Kyrgyzstan
2%
In Computer Networks what is the most common way to segment different parts inside a network? VLAN
2%
What is the last line in the movie Donnie Darko? Wake up
2%
No matching quizzes found
Score Distribution
Percent of People with Each Score
Percentile by Number Answered
Your Score History
You have not taken this quiz